000 00463cam a2200181ua 4500
001 5773
008 131009n ii |||gr||||Z||||||eng
040 _cMAIN
082 _a954
100 _aMukherjee,L,
_eAuthor.
245 _aHistory Of india (Medieval Period)
_cby L.Mukherjee
250 _a26th ed.
260 _aCalcutta:
_bMondal Brothers & Co. (Private) LTD.
300 _a364p.
653 _aSouth Asia India
653 _aHistory Of India
942 _cBK
999 _c4931
_d4931